000
00333nam a22001457a 4500
008
230606b ||||| |||| 00| 0 eng d
020
_a
9780314068627
041
_a
eng
080
_a
34
082
_a
34FAR
100
_a
32
101
_a
JURE
245
_a
CASES AND MATERIALS ON CONSTITUTIONAL LAW
_c
FARBER.A.D
942
_2
udc
_c
BK
999
_c
59922
_d
59922